In search of the Supreme / (Record no. 136776)
[ view plain ]
| 000 -LEADER | |
|---|---|
| fixed length control field | 00657nam a22002057a 4500 |
| 010 ## - LIBRARY OF CONGRESS CONTROL NUMBER | |
| LC control number | 276411 |
| 035 ## - SYSTEM CONTROL NUMBER | |
| System control number | 276411 |
| 037 ## - SOURCE OF ACQUISITION | |
| Source of stock number/acquisition | Cen Lib / Ret |
| 040 ## - CATALOGING SOURCE | |
| Original cataloging agency | DPL |
| Language of cataloging | EN |
| 082 ## - DEWEY DECIMAL CLASSIFICATION NUMBER | |
| Classification number | 204 |
| Item number | GAN |
| 100 ## - MAIN ENTRY--PERSONAL NAME | |
| Personal name | Gandhi, M.K. |
| 245 ## - TITLE STATEMENT | |
| Title | In search of the Supreme / |
| Statement of responsibility, etc | by M. K. Gandhi ; edited by V. B. Kher |
| 260 ## - PUBLICATION, DISTRIBUTION, ETC. (IMPRINT) | |
| Place of publication, distribution, etc | Ahmedabad |
| Name of publisher, distributor, etc | Navajivan Publishing House |
| Date of publication, distribution, etc | 1962 |
| 270 ## - ADDRESS | |
| Address | Navajivan Publishing House |
| City | Navajivan Publishing House |
| 300 ## - PHYSICAL DESCRIPTION | |
| Extent | v 3. 356p |
| Other physical details | 24cm(Hb) |
| 650 ## - SUBJECT ADDED ENTRY--TOPICAL TERM | |
| Topical term or geographic name as entry element | Gandhi, -- Mahatma, -- 1869-1948 -- Religion. |
| 650 ## - SUBJECT ADDED ENTRY--TOPICAL TERM | |
| Topical term or geographic name as entry element | Gandhi, -- Mahatma, -- 1869-1948. |
| 700 ## - ADDED ENTRY--PERSONAL NAME | |
| Personal name | Kher, V. B. |
| 942 ## - ADDED ENTRY ELEMENTS (KOHA) | |
| Source of classification or shelving scheme | Dewey Decimal Classification |
| Koha item type | English Books |
| Classification part | 204 |
| Call number suffix | GAN |
| Withdrawn status | Lost status | Source of classification or shelving scheme | Materials specified (bound volume or other part) | Damaged status | Not for loan | Home library | Current library | Date acquired | Source of acquisition | Total Checkouts | Full call number | Barcode | Date last seen | Copy number | Price effective from | Koha item type | Public note |
|---|---|---|---|---|---|---|---|---|---|---|---|---|---|---|---|---|---|
| Written off | Dewey Decimal Classification | v 3 | Central Library | Central Library | 09/03/2016 | Cen Lib/Ret | 204 GAN | 276411 | 09/03/2016 | 1 | 09/03/2016 | English Books | W/d List No. 6893/5 ; dtd 14/10/2020 |
